[Event "IECC CL6-2001.13"]
[Site "IECC email"]
[Date "2001.04.07"]
[Round "?"]
[White "Espiritu, Eduardo"]
[Black "Chandler, Tom"]
[Result "0-1"]
[WhiteElo "1318"]
[BlackElo "1331"]
[PlyCount "46"]
[EventDate "2001.??.??"]
[EventType "tourn (corr)"]
[EventRounds "4"]
[SourceTitle "Corr 2008"]
[Source "ChessBase"]
[SourceDate "2008.06.24"]
[SourceVersion "1"]
[SourceVersionDate "2008.06.24"]
[SourceQuality "1"]

1. e4 c5 2. Nf3 Nc6 3. d4 cxd4 4. Nxd4 g6 5. c4 Nf6 6. Nc3 d6 7. f3 Bg7 8. Be3 0-0 9. g4 Qb6 10. Qd2 Nxd4 11. Bxd4 Nxe4 12. Bxb6 Nxd2 13. Kxd2 axb6 14. Re1 e6 15. a3 Bd7 16. Kc2 Bc6 17. Bg2 Ra5 18. Re2 Rc8 19. Kb3 Bxc3 20. Kxc3 Bd5 21. b3 Rxa3 22. Kb4 Rxb3+ 23. Kxb3 Bxc4+ 0-1

[Event "IECC CL5-2000.30"]
[Site "IECC email"]
[Date "2000.09.26"]
[Round "?"]
[White "Espiritu, Eduardo"]
[Black "Petters, Paul"]
[Result "0-1"]
[WhiteElo "1389"]
[BlackElo "1457"]
[PlyCount "42"]
[EventDate "2000.??.??"]
[EventType "tourn (corr)"]
[EventRounds "4"]
[SourceTitle "Corr 2008"]
[Source "ChessBase"]
[SourceDate "2008.06.24"]
[SourceVersion "1"]
[SourceVersionDate "2008.06.24"]
[SourceQuality "1"]

1. e4 e5 2. Nf3 Nf6 3. Nxe5 d6 4. Nf3 Nxe4 5. d4 d5 6. Bd3 Bd6 7. 0-0 0-0 8. c4 c6 9. Qc2 Na6 10. Bxe4 dxe4 11. Qxe4 Re8 12. Qh4 Qxh4 13. Nxh4 Nb4 14. Na3 Re2 15. Nf3 Bg4 16. b3 Bxf3 17. gxf3 Rae8 18. c5 Bc7 19. Be3 Bxh2+ 20. Kxh2 R8xe3 21. Kg3 Re6 0-1